000
00308nam a2200121Ia 4500
005
20251222144809.0
008
251222s9999||||xx |||||||||||||| ||spa||
082
_a
287.4/E92P
100
_a
Estepa Llaurens, José Manuel
245
0
_a
Primera Confesión y Primera Comunión
264
_b
Marova
942
_c
LIB
999
_c
20035
_d
20035